| 000 | 00490nam a2200169Ia 4500 | ||
|---|---|---|---|
| 999 |
_c31996 _d31996 |
||
| 003 | OSt | ||
| 005 | 20211106104156.0 | ||
| 008 | 190216s9999||||xx |||||||||||||| ||und|| | ||
| 040 | _coclc | ||
| 082 |
_a519.5 _bJOS/S |
||
| 100 |
_aJoseph, K X _9761 |
||
| 245 | 0 |
_aSubsidiary Statistics / _cK X Joseph |
|
| 260 |
_bCalicut University Central Co-Operative, _aCalicut: _c2005. |
||
| 300 | _a489p | ||
| 650 | _aMathematics | ||
| 942 |
_cBK _2ddc _h519.5 _iJOS/S _k519.5 _mJOS/S |
||